000 00561nam a22001817a 4500
005 20251108165016.0
008 250721s1994 xx 000 0 ara d
082 1 4 _a535/عام
100 1 _aالعامري، خالد فاروق
245 1 0 _aتبسيط الضوء و تطبيقاته العملية /
264 1 _aبيروت :
_bالدار المصرية اللبنانية،
_c1994.
300 _a73ص
490 0 _aموسوعة المهندس الصغير
650 1 7 _aالضوء
650 1 7 _aالبصريات
942 _2ddc
_cBK
999 _c19762
_d19762